000 00458nam a2200145Ia 4500
008 100204s9999 xx 000 0 und d
082 _b3770
100 _aभावे पुरुषोत्तम भास्कर
245 _aस्मरणी
260 _b"विश्वमोहिनी प्रकाशन , पुणे"
_c1974
300 _a146
630 _aस्मरणी
730 _aस्मरणी
942 _cBOOK
999 _c448665
_d448662